Origin/Insertion/Function Leg Muscles - Statistics

General Stats
  • This quiz has been taken 21 times
    17 since last reset
  • The average score is 7 of 70
Answer Stats
Hint Answer % Correct
Tibialis Anterior Function Ankle dorsiflexion and inversion
50%
Biceps Femoris (Long Head) Origin Ischial tuberosity
50%
Flexor Hallucis Longus Origin Posterior fibular surface
50%
Soleus Function Ankle plantarflexion
25%
Extensor Hallucis Longus Insertion Dorsal surface of hallux
25%
Extensor Digitorum Longus Insertion Dorsal surface of lateral four phalanges
25%
Tibialis Anterior Insertion Dorsomedial surface of metatarsal I
25%
Biceps Femoris Insertion Head of fibula
25%
Semimembranosus Origin Ischial tuberosity
25%
Semitendinosus Origin Ischial tuberosity
25%
Fibularis Brevis Insertion Lateral aspect of metatarsal V
25%
Extensor Digitorum Longus Origin Lateral tibial condyle and Medial fibular surface
25%
Tibialis Anterior Origin Lateral tibial surface
25%
Fibularis Brevis Origin Lower lateral surface of fibular shaft
25%
Extensor Hallucis Longus Origin Medial fibular surface
25%
Gastrocnemius Function plantar flexion and knee flexion
25%
Flexor Hallucis Longus Insertion Plantar surface of hallux
25%
Flexor Digitorum Longus Insertion Plantar surface of lateral four phalanges
25%
Tibialis Posterior Insertion Plantar surface of nearly all tarsal and metatarsal bones
25%
Gastrocnemius Insertion Posterior calcaneus via calcaneal tendon
25%
Soleus Insertion Posterior calcaneus via calcaneal tendon
25%
Tibialis Posterior Origin Posterior tibia and fibula (in between FHL and FDL)
25%
Flexor Digitorum Longus Origin Posterior tibial surface
25%
Gastrocnemius Lateral Head Origin Postero-lateral femoral condyle
25%
Gastrocnemius Medial Head Origin Postero-medial femoral condyle
25%
Fibularis Longus Origin Upper lateral surface and head of fibula
25%
Adductor Magnus (Hamstring) Insertion Adductor tubercle of femur
0%
Fibularis Brevis Function Ankle eversion and plantarflexion
0%
Fibularis Longus Function Ankle eversion and plantarflexion and supports arch
0%
Tibialis Posterior Function Ankle inversion and plantarflexion and supports arch
0%
Quadratus Plantae Origin anterior calcaneus
0%
Rectus Femoris Origin Anterior inferior iliac spine (AIIS)
0%
Sartorius Origin Anterior superior iliac spine (ASIS)
0%
Vastus Intermedius Origin Antero-lateral Femur
0%
Extensor Digitorum Longus Function Extension of lateral four toes and Ankle dorsiflexion
0%
Quadratus Plantae Insertion FDL tendon
0%
Flexor Hallucis Longus Function Flexes hallux and ankle plantarflexion
0%
Flexor Digitorum Longus Function Flexes lateral four toes and ankle plantarflexion
0%
Vastus Lateralis Origin Greater trochanter and linea aspera (lateral)
0%
Extensor Hallucis Longus Function Hallux Extension and Ankle dorsiflexion
0%
Adductor Brevis Function Hip adduction
0%
Adductor Longus Function Hip adduction
0%
Adductor Magnus(Adductor) Function Hip adduction
0%
Sartorius Function Hip and knee flexion
0%
Adductor Magnus (Hamstring) Function Hip extension
0%
Adductor Magnus (Hamstring) Origin Ischial tuberosity
0%
Adductor Magnus (Adductor) Origin Ischiopubic ramus
0%
Adductor Brevis Origin Ischio-pubic ramus
0%
Vastus Lateralis Function Knee extension
0%
Vastus Medialis Function Knee extension
0%
Vastus Intermedius Function Knee extension
0%
Rectus Femoris Function Knee extension and hip flexion
0%
Semitendinosus Function Knee flexion and hip extension
0%
Biceps Femoris Function Knee flexion and hip extension
0%
SemimembranosusFunction Knee flexion and hip extension
0%
Vastus Medialis Origin Lesser trochanter and linea aspera (medial)
0%
Adductor Longus Insertion Linea aspera
0%
Adductor Brevis Insertion Linea aspera
0%
Adductor Magnus(Adductor) Insertion Linea aspera
0%
Biceps Femoris Short Head) Origin Linea aspera (Lateral lip)
0%
Sartorius Insertion Medial surface of proximal tibia (pesanserine)
0%
Semitendinosus Insertion Medial surface of proximal tibia (pesanserine)
0%
Fibularis Longus Insertion Plantar surface of metatarsal I
0%
Semimembranosus Insertion Posterior surface of medial tibial condyle
0%
Adductor Longus Origin Pubic body
0%
Vastus Lateralis Insertion Quadriceps Femoris tendon
0%
Vastus Medialis Insertion Quadriceps Femoris tendon
0%
Vastus Intermedius Insertion Quadriceps Femoris tendon
0%
Rectus Femoris Insertion Quadriceps Femoris Tendon
0%
Soleus Origin Soleal line and fibular head
0%
No matching quizzes found
Score Distribution
Percent of People with Each Score
Percentile by Number Answered
Your Score History
You have not taken this quiz since the last reset